[Event "Principal / Accession 2024/2025"]
[Site "Vitrolles"]
[Date "2025.01.25"]
[Round "7.12"]
[White "Tramarin, Matteo"]
[Black "Montanelli, Tristan"]
[Result "1-0"]
[WhiteElo "1802"]
[BlackElo "1739"]
[PlyCount "201"]
[EventDate "2025.??.??"]
[WhiteTeam "Cercle d'Echecs Aubagnais"]
[BlackTeam "Club d'Echecs de Meyreuil"]

1. c4 c6 2. d4 d5 3. Bf4 Nf6 4. Nd2 Qb6 5. Qb3 Qxd4 6. e3 Qb6 7. Qc2 Nbd7 8.
Ngf3 g6 9. h4 Bg7 10. Rc1 h5 11. Bd3 Ne4 12. Bxe4 dxe4 13. Ng5 Qxb2 14. Qxb2
Bxb2 15. Rb1 Bg7 16. Ndxe4 Nb6 17. Nc5 Nxc4 18. Nxb7 e5 19. Bg3 f6 20. Ne4 O-O
21. Nbc5 Bf5 22. Rb4 Rab8 23. Rxb8 Rxb8 24. O-O Bxe4 25. Nxe4 Rb2 26. Rc1 Nd2
27. Nxd2 Rxd2 28. a4 Ra2 29. Rc4 c5 30. e4 Bf8 31. f3 Kf7 32. Bf2 Ke6 33. Kf1
Kd7 34. Ke1 Kc6 35. Kf1 Rb2 36. Be1 Be7 37. Rc1 Ra2 38. Rc4 Ra1 39. Ke2 f5 40.
Bf2 f4 41. Kd2 Rb1 42. Ke2 a6 43. Be1 Ra1 44. Bf2 Rh1 45. Rc2 Rb1 46. Be1 Ra1
47. Rc4 Ra2+ 48. Kf1 Ra3 49. Ke2 Re3+ 50. Kf1 Rd3 51. Bf2 Rd1+ 52. Ke2 Rh1 53.
Rc2 Ra1 54. Rc4 Bd6 55. Be1 Bc7 56. Bf2 Bb6 57. Be1 Ra3 58. Bf2 Rb3 59. Be1
Re3+ 60. Kf1 Rb3 61. Ke2 Bd8 62. Bf2 Be7 63. Be1 Ra3 64. Bf2 Ra1 65. Be1 Kd6
66. Bf2 Kc6 67. Be1 Ra2+ 68. Kf1 g5 69. hxg5 Bxg5 70. Bf2 Be7 71. Be1 h4 72.
Bf2 Rb2 73. Be1 h3 74. gxh3 Rh2 75. h4 Bxh4 76. Kg1 Rh3 77. Kg2 Rg3+ 78. Bxg3
Bxg3 79. Kh3 Bf2 80. Kg4 Bd4 81. Kf5 Kb6 82. Ke6 Kc6 83. Rc2 Ba1 84. Kf5 Bd4
85. Kg4 Be3 86. Kh3 Kb6 87. Kg2 Ka5 88. Rc4 Bd4 89. Kf1 Be3 90. Ke2 Bd4 91. Kd3
Be3 92. Kc2 Bd4 93. Kb3 Be3 94. Rc2 Kb6 95. Rh2 Bd4 96. Kc4 Kc6 97. Rh6+ Kb7
98. Kd5 Ka7 99. Rg6 Kb7 100. Re6 a5 101. Kc4 1-0

[Event "Principal / Accession 2024/2025"]
[Site "Vitrolles"]
[Date "2025.01.25"]
[Round "7.13"]
[White "Anton, Jose"]
[Black "Ghio, Maxime"]
[Result "1-0"]
[WhiteElo "1810"]
[BlackElo "1800"]
[PlyCount "45"]
1. e4 c6 2. d4 d5 3. exd5 cxd5 4. c4 Nf6 5. Nc3 Nc6 6. Bg5 e6 7. c5 Be7 8. Nf3
O-O 9. Bb5 Bd7 10. Bxc6 Bxc6 11. O-O Nd7 12. Bxe7 Qxe7 13. Re1 f6 14. b4 a6 15.
a4 b5 16. Qe2 Kf7 17. axb5 Bxb5 18. Nxb5 axb5 19. Rxa8 Rxa8 20. Qxb5 e5 21. c6
Rb8 22. Qxd5+ Qe6 23. Qxe6+ 1-0

[Event "Principal / Accession 2024/2025"]
[Site "Vitrolles"]
[Date "2025.03.01"]
[Round "8.1"]
[White "Bedhouche, Rayan"]
[Black "Kosteniuk, Kristina"]
[Result "0-1"]
[WhiteElo "2086"]
[BlackElo "1989"]
[PlyCount "68"]
[EventDate "2025.??.??"]
[WhiteTeam "L'Echiquier du Roy René"]
[BlackTeam "Hay Chess"]

1. e4 c5 2. Nf3 d6 3. Bb5+ Nd7 4. a4 Ngf6 5. Nc3 a6 6. Be2 g6 7. d3 Bg7 8. O-O
O-O 9. a5 Rb8 10. Nd2 b5 11. axb6 Nxb6 12. Nb3 Qc7 13. f4 Nfd7 14. Qe1 Bb7 15.
Rf3 d5 16. Rh3 Rfe8 17. Qh4 Nf8 18. f5 c4 19. dxc4 dxc4 20. Na5 Bf6 21. Bg5
Qc5+ 22. Kh1 Bxg5 23. Nxb7 Rxb7 24. Qxg5 Nbd7 25. Rf1 Nf6 26. Nd5 Nxe4 27. Qh6
Nf2+ 28. Rxf2 Qxf2 29. Qd2 Rxb2 30. Nc3 Rxc2 31. Qd1 Rd8 32. Qf1 Qxf1+ 33. Bxf1
Rc1 34. Rf3 Rd3 0-1

[Event "Principal / Accession 2024/2025"]
[Site "Vitrolles"]
[Date "2025.03.01"]
[Round "8.2"]
[White "Urcun, Gael"]
[Black "Busson, Benoit"]
[Result "1-0"]
[WhiteElo "1858"]
[BlackElo "1932"]
[PlyCount "115"]
[EventDate "2025.??.??"]
[WhiteTeam "Club d'Echecs de Meyreuil"]
[BlackTeam "Salon Nostradamus"]

1. e4 e5 2. Bc4 f5 3. d4 exd4 4. Nh3 Nf6 5. O-O fxe4 6. Bg5 d5 7. Bxf6 Qxf6 8.
Qh5+ g6 9. Qxd5 Nc6 10. Re1 Bxh3 11. Rxe4+ Be7 12. gxh3 Rf8 13. Re2 d3 14. cxd3
Qf5 15. Nc3 Qxd5 16. Nxd5 Kd7 17. Nxe7 Nxe7 18. Rae1 Nf5 19. Be6+ Kd6 20. Bxf5
Rxf5 21. Re6+ Kd5 22. Re7 Raf8 23. R1e2 R8f7 24. Rxf7 Rxf7 25. Re3 b5 26. Kf1
a5 27. Ke2 Rf5 28. Re4 a4 29. Ke3 c5 30. Rg4 Rh5 31. h4 h6 32. f4 c4 33. dxc4+
bxc4 34. a3 Kc5 35. Rxg6 Rxh4 36. Rg2 Kd5 37. Rd2+ Kc5 38. Ke4 Rh3 39. f5 c3
40. Rc2 Kd6 41. bxc3 Rh4+ 42. Kd3 Rf4 43. Rg2 Kd5 44. Rg3 Rxf5 45. c4+ Kc5 46.
Rh3 Rg5 47. Rxh6 Rg1 48. Rh5+ Kb6 49. Kc3 Re1 50. Kb4 Re4 51. Rh6+ Kc7 52. Kb5
Rf4 53. h4 Rg4 54. Rh7+ Kb8 55. h5 Rf4 56. h6 Re4 57. c5 Re5 58. Rg7 1-0

[Event "Principal / Accession 2024/2025"]
[Site "Vitrolles"]
[Date "2025.03.01"]
[Round "8.3"]
[White "Boudjellal, Yaqin"]
[Black "Madi, Mohammed"]
[Result "0-1"]
[WhiteElo "1874"]
[BlackElo "2131"]
[PlyCount "96"]
[EventDate "2025.??.??"]
[WhiteTeam "Echecs Academy de Marseille"]
[BlackTeam "Cercle d'Echecs Aubagnais"]

1. e4 c5 2. Nf3 d6 3. b4 cxb4 4. d4 Nf6 5. Bd3 g6 6. a3 bxa3 7. Bxa3 Bg7 8.
Nbd2 O-O 9. O-O Nc6 10. Rb1 Qc7 11. d5 Nb8 12. c4 Na6 13. Nd4 Bd7 14. N4b3 b6
15. f4 Nc5 16. Nxc5 bxc5 17. h3 Rab8 18. Qe1 Rxb1 19. Bxb1 Qa5 20. Bc1 Rb8 21.
e5 Ne8 22. Qh4 Qd8 23. Qg3 Qc7 24. Re1 dxe5 25. fxe5 f6 26. d6 exd6 27. e6 Bc6
28. h4 d5 29. Qh3 dxc4 30. h5 f5 31. h6 Bd4+ 32. Kh1 c3 33. Ba2 cxd2 34. e7+
Kh8 35. Bxd2 Rb2 36. Qd3 Rxd2 37. Qxd2 Qg3 38. Re3 Qxe3 39. Qxe3 Bxe3 40. Bc4
Bxh6 41. Kg1 Bg5 42. g4 Bxe7 43. gxf5 gxf5 44. Kf2 Kg7 45. Kg3 Kf6 46. Kf4 Bd6+
47. Ke3 f4+ 48. Kf2 Kg5 0-1

[Event "Principal / Accession 2024/2025"]
[Site "Vitrolles"]
[Date "2025.03.01"]
[Round "8.4"]
[White "Roganova, Maxime"]
[Black "Espanet, Fabien"]
[Result "1/2-1/2"]
[WhiteElo "2088"]
[BlackElo "1847"]
[PlyCount "130"]
[EventDate "2025.??.??"]
[WhiteTeam "Cercle d'Echecs Aubagnais"]
[BlackTeam "Cercle d'Echecs Aubagnais"]

1. e4 d5 2. d4 dxe4 3. f3 e3 4. Bxe3 Bf5 5. Nc3 Nf6 6. Nge2 e6 7. a3 Nd5 8. Bf2
Nd7 9. Qd2 Bd6 10. Ne4 N7f6 11. Nxd6+ cxd6 12. Ng3 Bg6 13. Bb5+ Nd7 14. Ne4 O-O
15. c4 Bxe4 16. fxe4 N5f6 17. Qd3 d5 18. cxd5 Nxe4 19. Qxe4 Qa5+ 20. b4 Qxb5
21. d6 Rac8 22. Bg3 Nf6 23. Qe2 Qxe2+ 24. Kxe2 Rc2+ 25. Kd3 Rfc8 26. Be1 Kf8
27. Bd2 Ke8 28. Rhf1 R2c6 29. Rac1 Rxc1 30. Bxc1 Kd7 31. Bh6 Rg8 32. Bxg7 Rxg7
33. Rxf6 Kxd6 34. g3 Ke7 35. Rf2 f5 36. Rc2 Kf6 37. Rc8 Rd7 38. Kc4 Kf7 39. a4
Ke7 40. a5 Kd6 41. Rh8 a6 42. Rg8 Rc7+ 43. Kd3 Kc6 44. Re8 Kd7 45. Rf8 Kc6 46.
Rf6 Kb5 47. Rxe6 Kxb4 48. Re5 Rc3+ 49. Kd2 Ra3 50. Re7 Kc4 51. Rxb7 Kxd4 52.
Rxh7 Ra2+ 53. Ke1 Ke3 54. Re7+ Kf3 55. Re5 Rxh2 56. Rxf5+ Kxg3 57. Rf6 Ra2 58.
Rxa6 Kf3 59. Kd1 Ke3 60. Kc1 Kd4 61. Kb1 Ra4 62. Kb2 Kc4 63. Ra8 Kb5 64. Rb8+
Kxa5 65. Kb3 Rh4 1/2-1/2

[Event "Principal / Accession 2024/2025"]
[Site "Vitrolles"]
[Date "2025.03.01"]
[Round "8.5"]
[White "Gachbar, Imrane"]
[Black "Dupre Hollebeque, Joachim"]
[Result "1-0"]
[WhiteElo "1950"]
[BlackElo "1726"]
[PlyCount "75"]
[EventDate "2025.??.??"]
[WhiteTeam "Marseille-Echecs"]
[BlackTeam "Marseille Passion Echecs"]

1. d4 Nf6 2. c4 e6 3. Nc3 Bb4 4. a3 Bxc3+ 5. bxc3 b6 6. f3 d5 7. cxd5 exd5 8.
e3 Bf5 9. Ne2 h6 10. Ng3 Bh7 11. Bd3 Bxd3 12. Qxd3 O-O 13. O-O c5 14. e4 Nc6
15. e5 Nd7 16. f4 Re8 17. f5 Ndxe5 18. dxe5 Nxe5 19. Qd1 f6 20. Nh5 d4 21. cxd4
Qxd4+ 22. Qxd4 cxd4 23. Nf4 Red8 24. Ne6 Rd7 25. Bb2 d3 26. Bxe5 fxe5 27. Kf2
Rc8 28. Rac1 Rc2+ 29. Rxc2 dxc2 30. Ke2 h5 31. Rc1 Kf7 32. Rxc2 g6 33. Rc7 Rxc7
34. Nxc7 gxf5 35. Nb5 a6 36. Nc7 a5 37. a4 e4 38. Nd5 1-0

[Event "Principal / Accession 2024/2025"]
[Site "Vitrolles"]
[Date "2025.03.01"]
[Round "8.6"]
[White "Bohli, Adam"]
[Black "Tiran, Baptiste"]
[Result "1/2-1/2"]
[WhiteElo "1891"]
[BlackElo "1864"]
[PlyCount "37"]
[EventDate "2025.??.??"]
[WhiteTeam "Marseille Passion Echecs"]
[BlackTeam "Hay Chess"]

1. d4 d5 2. Nf3 e6 3. e3 Bd6 4. Bd3 Nd7 5. b3 e5 6. dxe5 Nxe5 7. O-O Nxf3+ 8.
Qxf3 Be5 9. c3 Nf6 10. h3 h5 11. Bf5 c6 12. Bb2 Qc7 13. Bxc8 Rxc8 14. Qe2 Ne4
15. Rc1 Qe7 16. c4 Bxb2 17. Qxb2 Qf6 18. Qxf6 Nxf6 19. cxd5 1/2-1/2

[Event "Principal / Accession 2024/2025"]
[Site "Vitrolles"]
[Date "2025.03.01"]
[Round "8.7"]
[White "Olivi, Raphael"]
[Black "Nobili, Denis"]
[Result "0-1"]
[WhiteElo "1766"]
[BlackElo "1820"]
[PlyCount "82"]
[EventDate "2025.??.??"]
[WhiteTeam "CE Vitrolles"]
[BlackTeam "Club d'Echecs de Meyreuil"]

1. e4 c5 2. Nf3 d6 3. Bb5+ Bd7 4. Bxd7+ Qxd7 5. O-O Nc6 6. d3 g6 7. Nc3 Bg7 8.
Be3 e6 9. Qd2 Nd4 10. Bxd4 cxd4 11. Ne2 e5 12. c3 dxc3 13. Nxc3 Ne7 14. Rfd1
O-O 15. Rac1 d5 16. Rc2 d4 17. Ne2 Rac8 18. Rdc1 Rxc2 19. Rxc2 Rc8 20. Ne1 Rxc2
21. Qxc2 Qc6 22. f4 Qxc2 23. Nxc2 f6 24. g4 Nc6 25. f5 Bf8 26. Kf2 b5 27. Nc1
a5 28. Ke2 Kf7 29. h4 a4 30. Kd1 Bc5 31. a3 h5 32. gxh5 gxf5 33. Ke2 fxe4 34.
dxe4 Na5 35. Nd3 Bd6 36. Ncb4 Bxb4 37. Nxb4 Nc4 38. Nd3 Kg7 39. Kf3 Nd2+ 40.
Kg4 Nxe4 41. Kf5 Nd6+ 0-1

[Event "Principal / Accession 2024/2025"]
[Site "Vitrolles"]
[Date "2025.03.01"]
[Round "8.8"]
[White "Rival, None"]
[Black "Tramarin, Matteo"]
[Result "1/2-1/2"]
[WhiteElo "1764"]
[BlackElo "1805"]
[PlyCount "108"]
[EventDate "2025.??.??"]
[WhiteTeam "Echiquier Marseillais 1872"]
[BlackTeam "Cercle d'Echecs Aubagnais"]

1. d4 Nf6 2. c4 g6 3. Nc3 Bg7 4. e4 d6 5. Nf3 O-O 6. Be2 Nbd7 7. O-O e5 8. Be3
exd4 9. Nxd4 Re8 10. f3 a5 11. Ndb5 b6 12. Bg5 Bb7 13. Nd5 Bxd5 14. cxd5 Nc5
15. Nd4 h6 16. Nc6 Qc8 17. Bd2 Nfd7 18. Qc1 Kh7 19. Bb5 Rf8 20. Qc2 Nb8 21. Be3
Nxc6 22. Bxc6 Rb8 23. Rac1 Qa6 24. Rfd1 f5 25. exf5 Rxf5 26. b3 Rf7 27. Bf2
Rbf8 28. Re1 Qd3 29. Bxc5 Qxc2 30. Rxc2 dxc5 31. Be8 Bd4+ 32. Kf1 Rg7 33. Re6
Rf5 34. Bc6 Be5 35. g4 Rxf3+ 36. Kg2 Rc3 37. Re2 Bd6 38. Be8 c4 39. bxc4 Rxc4
40. h3 Rc5 41. Bc6 b5 42. Re8 b4 43. Rd8 Rg8 44. Rd7+ Rg7 45. Rd8 Rf7 46. Be8
Rf8 47. Rd7+ Kg8 48. Bxg6 Rxd5 49. Bc2 Rd4 50. Bf5 a4 51. Bh7+ Kh8 52. Bf5 Kg8
53. Bh7+ Kh8 54. Bf5 Kg8 1/2-1/2

[Event "Principal / Accession 2024/2025"]
[Site "Vitrolles"]
[Date "2025.03.01"]
[Round "8.9"]
[White "Guisset, Andre"]
[Black "Touaoula, Rachid"]
[Result "1-0"]
[WhiteElo "1665"]
[BlackElo "1736"]
[PlyCount "65"]
[EventDate "2025.??.??"]
[WhiteTeam "Club d'Echecs de Meyreuil"]
[BlackTeam "Echiquier Marseillais 1872"]

1. Nf3 Nf6 2. c4 g6 3. Nc3 Bg7 4. g3 O-O 5. Bg2 d6 6. O-O c5 7. d3 Nc6 8. Rb1
Rb8 9. a3 Re8 10. b4 cxb4 11. axb4 Bf5 12. b5 Na5 13. Bg5 Nd7 14. Nd5 h6 15.
Bd2 e6 16. Ne3 h5 17. Nxf5 exf5 18. Ng5 b6 19. Nh3 Nb7 20. Nf4 Ne5 21. Nd5 Qd7
22. Bh6 Bh8 23. h3 f6 24. Be3 Kf7 25. Ra1 Na5 26. Bd2 Naxc4 27. dxc4 Nxc4 28.
Nc3 Rec8 29. Bc6 Rxc6 30. bxc6 Qc7 31. Bf4 Ne5 32. Qd5+ Ke7 33. Nb5 1-0

[Event "Principal / Accession 2024/2025"]
[Site "Vitrolles"]
[Date "2025.03.01"]
[Round "8.10"]
[White "Madranges, Jean"]
[Black "Hileyan, Michel"]
[Result "0-1"]
[WhiteElo "1798"]
[BlackElo "1856"]
[PlyCount "62"]
[EventDate "2025.??.??"]
[WhiteTeam "Puy Ste Réparade"]
[BlackTeam "Echiquier Marseillais 1872"]

1. Nc3 d5 2. e4 d4 3. Nce2 e5 4. Ng3 Be6 5. c3 c5 6. Bb5+ Nc6 7. Bxc6+ bxc6 8.
d3 Bd6 9. c4 Ne7 10. Qa4 Bc7 11. Bd2 O-O 12. Nf3 h6 13. Nh4 Qd7 14. O-O-O Rfb8
15. Nhf5 Bxf5 16. Nxf5 Nxf5 17. exf5 Rb6 18. g4 Rab8 19. b3 e4 20. dxe4 d3 21.
Bc3 Bf4+ 22. Kb1 d2 23. Qa5 Qd3+ 24. Ka1 Rb4 25. Kb2 Qxc4 26. Bxb4 Rxb4 27.
Qd8+ Kh7 28. Rxd2 Be5+ 29. Kb1 Qxe4+ 30. Qd3 Qxh1+ 31. Kc2 Rd4 0-1

[Event "Principal / Accession 2024/2025"]
[Site "Vitrolles"]
[Date "2025.03.01"]
[Round "8.12"]
[White "Montanelli, Tristan"]
[Black "Garcia, Patrick"]
[Result "0-1"]
[WhiteElo "1714"]
[BlackElo "1672"]
[PlyCount "64"]
[EventDate "2025.??.??"]
[WhiteTeam "Club d'Echecs de Meyreuil"]
[BlackTeam "Club d'Echecs de Meyreuil"]

1. Nf3 Nf6 2. b3 g6 3. Bb2 Bg7 4. g3 O-O 5. Bg2 c5 6. c4 Nc6 7. O-O d6 8. d4
cxd4 9. Nxd4 Bd7 10. e3 Qc8 11. Nxc6 Bxc6 12. Bxc6 Qxc6 13. Nd2 a5 14. a4 d5
15. Rc1 Rfd8 16. c5 Nd7 17. Ba3 e6 18. Nf3 e5 19. Qc2 Rac8 20. e4 d4 21. Qc4
Qxe4 22. Ng5 Qf5 23. f4 e4 24. Qe2 Nxc5 25. Bxc5 Rxc5 26. Qxe4 Qxe4 27. Nxe4
Rcd5 28. Rfd1 Re8 29. Nc5 d3 30. Nxb7 d2 31. Rb1 Bc3 32. b4 Bxb4 0-1

[Event "Principal / Accession 2024/2025"]
[Site "Vitrolles"]
[Date "2025.03.22"]
[Round "9.1"]
[White "Kosteniuk, Kristina"]
[Black "Madi, Mohammed"]
[Result "1-0"]
[WhiteElo "1989"]
[BlackElo "2131"]
[PlyCount "53"]
[EventDate "2025.??.??"]
[WhiteTeam "Hay Chess"]
[BlackTeam "Cercle d'Echecs Aubagnais"]

1. Nf3 d6 2. g3 e5 3. Bg2 Nc6 4. O-O g5 5. d3 g4 6. Nfd2 Be7 7. e4 Be6 8. Nc3
Qd7 9. Nd5 O-O-O 10. Nc4 Rf8 11. Bd2 h5 12. b4 Bxd5 13. exd5 Nd8 14. Be3 Kb8
15. b5 Nh6 16. Qd2 b6 17. Bxh6 Rfg8 18. Be3 f5 19. a4 Nb7 20. a5 Bd8 21. axb6
cxb6 22. Ra6 Bc7 23. Rfa1 Qxb5 24. Rxa7 Kc8 25. Bxb6 Rd8 26. Qc3 Rh7 27. Nxd6+
1-0

[Event "Principal / Accession 2024/2025"]
[Site "Vitrolles"]
[Date "2025.03.22"]
[Round "9.2"]
[White "Roganova, Maxime"]
[Black "Urcun, Gael"]
[Result "1-0"]
[WhiteElo "2088"]
[BlackElo "1858"]
[PlyCount "77"]
[EventDate "2025.??.??"]
[WhiteTeam "Cercle d'Echecs Aubagnais"]
[BlackTeam "Club d'Echecs de Meyreuil"]

1. e4 c6 2. d4 d5 3. f3 e6 4. Be3 Nf6 5. e5 Nfd7 6. c3 Qb6 7. Qd2 c5 8. f4 g6
9. Nf3 Nc6 10. Bd3 cxd4 11. cxd4 Nb4 12. Be2 Be7 13. O-O Qd8 14. Nc3 a6 15. b3
Nb6 16. a3 Nc6 17. Bd3 Bd7 18. Ne2 Na7 19. g4 Bb5 20. f5 Bxd3 21. Qxd3 gxf5 22.
gxf5 Qd7 23. f6 Bf8 24. Kh1 Qb5 25. Qd2 Nd7 26. Nf4 Qb6 27. Nh5 Nc6 28. Ng5 Nd8
29. Qd3 Nxe5 30. dxe5 Bc5 31. Ng7+ Kd7 32. Bxc5 Qxc5 33. Rac1 Qb6 34. Rc3 h6
35. Qh3 Qd4 36. Nxf7 Re8 37. Nxd8 Raxd8 38. Nxe8 Rxe8 39. Qe3 1-0

[Event "Principal / Accession 2024/2025"]
[Site "Vitrolles"]
[Date "2025.03.22"]
[Round "9.3"]
[White "Busson, Benoit"]
[Black "Bohli, Adam"]
[Result "0-1"]
[WhiteElo "1932"]
[BlackElo "1891"]
[PlyCount "172"]
[EventDate "2025.??.??"]
[WhiteTeam "Salon Nostradamus"]
[BlackTeam "Marseille Passion Echecs"]

1. e4 c6 2. d4 d5 3. f3 Nd7 4. Nc3 dxe4 5. fxe4 e5 6. Nf3 Bd6 7. dxe5 Nxe5 8.
Nxe5 Bxe5 9. Qxd8+ Kxd8 10. Bg5+ f6 11. O-O-O+ Kc7 12. Bd2 Be6 13. Ne2 Bg4 14.
h3 Bh5 15. g4 Bf7 16. Bf4 Bxf4+ 17. Nxf4 Re8 18. Bg2 Ne7 19. Rhe1 Ng6 20. Nd3
Ne5 21. b3 Re7 22. Rf1 Rhe8 23. Kb1 Bg6 24. Nf4 Nf7 25. Nxg6 hxg6 26. h4 g5 27.
h5 Rd7 28. Rxd7+ Kxd7 29. Kc1 Ke7 30. Kd2 Nd8 31. a4 Ne6 32. a5 a6 33. Bf3 Kd6
34. Be2 Nc5 35. h6 Nxe4+ 36. Kc1 Ng3 37. Rd1+ Kc7 38. Bf3 gxh6 39. Rg1 Ne2+ 40.
Bxe2 Rxe2 41. Rh1 Rf2 42. Rxh6 c5 43. Rh7+ Kc6 44. Re7 Rf4 45. Rf7 b6 46. axb6
Kxb6 47. c3 a5 48. Kc2 Kc6 49. Ra7 Kd5 50. Rxa5 Rxg4 51. b4 Rc4 52. Kd3 f5 53.
b5 Re4 54. b6 Kc6 55. b7 Kxb7 56. Rxc5 Rf4 57. Ke3 Kb6 58. Re5 Kc6 59. Ra5 Kd6
60. Ra6+ Ke5 61. Ra5+ Kf6 62. Ra6+ Kf7 63. Ra1 Re4+ 64. Kd3 g4 65. c4 Kf6 66.
c5 Ke5 67. Rc1 Rd4+ 68. Ke2 f4 69. c6 f3+ 70. Ke3 Re4+ 71. Kd3 f2 72. Kd2 g3
73. c7 g2 74. c8=Q f1=N+ 75. Rxf1 gxf1=Q 76. Qc5+ Ke6 77. Qc8+ Kf7 78. Qb7+ Re7
79. Qb3+ Re6 80. Qb7+ Kg6 81. Qa8 Qe1+ 82. Kd3 Rd6+ 83. Kc4 Qc1+ 84. Kb5 Qg5+
85. Kc4 Qf4+ 86. Kb5 Qe5+ 0-1

[Event "Principal / Accession 2024/2025"]
[Site "Vitrolles"]
[Date "2025.03.22"]
[Round "9.4"]
[White "Bedhouche, Rayan"]
[Black "Gachbar, Imrane"]
[Result "1-0"]
[WhiteElo "2086"]
[BlackElo "1950"]
[PlyCount "139"]
[EventDate "2025.??.??"]
[WhiteTeam "L'Echiquier du Roy René"]
[BlackTeam "Marseille-Echecs"]

1. e4 c5 2. Nf3 e6 3. d4 cxd4 4. Nxd4 Nc6 5. Nc3 Qc7 6. Be3 a6 7. a3 b5 8. Nxc6
Qxc6 9. Be2 Bb7 10. O-O Be7 11. Qd2 d6 12. Rfd1 Nf6 13. Bf3 Qc7 14. Bf4 Rd8 15.
Qe3 e5 16. Bg5 O-O 17. Bxf6 Bxf6 18. Be2 h6 19. g3 Bg5 20. Qd3 f5 21. h4 fxe4
22. Nxe4 Be7 23. c4 bxc4 24. Qxc4+ Qxc4 25. Bxc4+ d5 26. Ba2 Kh8 27. Nc3 d4 28.
Na4 Bf3 29. Rd2 e4 30. Re1 g5 31. Bb1 gxh4 32. Bxe4 Bg5 33. Rd3 Bxe4 34. Rxe4
hxg3 35. fxg3 Be3+ 36. Kg2 Rf2+ 37. Kh3 Rg8 38. Rb3 Rg7 39. Nc5 Rf1 40. Re8+
Kh7 41. Ne6 Rh1+ 42. Kg2 Rg1+ 43. Kh2 R1xg3 44. Nxg7 Rxg7 45. Ra8 Rd7 46. Rd3
Rd6 47. b4 Kg6 48. Re8 Rc6 49. Kg3 Kf5 50. Kf3 Rc2 51. Rb3 Ra2 52. Ra8 Rf2+ 53.
Kg3 Ke4 54. Re8+ Kd5 55. a4 Kc4 56. Rb1 Kd3 57. Rc8 Rc2 58. Re8 Rc4 59. b5 axb5
60. a5 Kc2 61. Rxb5 d3 62. Rd5 Bd4 63. Red8 Kc3 64. Kf3 d2 65. Ke2 Bf6 66. Rd3+
Kb4 67. Rb8+ Kc5 68. Rc8+ Kb4 69. Rxc4+ Kxc4 70. a6 1-0

[Event "Principal / Accession 2024/2025"]
[Site "Vitrolles"]
[Date "2025.03.22"]
[Round "9.5"]
[White "Espanet, Fabien"]
[Black "Nobili, Denis"]
[Result "1/2-1/2"]
[WhiteElo "1847"]
[BlackElo "1820"]
[PlyCount "110"]
[EventDate "2025.??.??"]
[WhiteTeam "Cercle d'Echecs Aubagnais"]
[BlackTeam "Club d'Echecs de Meyreuil"]

1. e4 c5 2. Nf3 d6 3. d4 cxd4 4. Nxd4 Nf6 5. Nc3 Nc6 6. Bg5 Qb6 7. Bxf6 gxf6 8.
Bb5 e6 9. Nd5 exd5 10. exd5 Bd7 11. dxc6 bxc6 12. Be2 f5 13. O-O Bg7 14. c3
Qxb2 15. Qd3 Bxd4 16. Qxd4 O-O 17. Bd3 Qa3 18. Rad1 Qc5 19. Qh4 Qxc3 20. Bb1 f6
21. Rxd6 Rf7 22. Rfd1 Re8 23. Qg3+ Qxg3 24. hxg3 Ree7 25. a4 Be6 26. Rxc6 Kg7
27. Rc5 Bb3 28. Rdc1 Re5 29. a5 Rfe7 30. Bxf5 h6 31. g4 Bf7 32. Rc7 h5 33. a6
hxg4 34. Bxg4 Bd5 35. Bf3 Bxf3 36. gxf3 Kg6 37. Kg2 R5e6 38. Rxe7 Rxe7 39. Rc6
Kf5 40. f4 Rd7 41. Rc4 Rd6 42. Ra4 Rd3 43. f3 Rd6 44. Kg3 Kg6 45. Ra5 f5 46.
Kh4 Rb6 47. Ra2 Kf6 48. Kg3 Kg6 49. Kf2 Re6 50. Ra1 Kh6 51. Kg3 Kg6 52. Kh4 Kh6
53. Ra2 Rb6 54. Kh3 Kh5 55. Kg2 Kg6 1/2-1/2

[Event "Principal / Accession 2024/2025"]
[Site "Vitrolles"]
[Date "2025.03.22"]
[Round "9.6"]
[White "Dupre Hollebeque, Joachim"]
[Black "Boudjellal, Yaqin"]
[Result "1-0"]
[WhiteElo "1726"]
[BlackElo "1874"]
[PlyCount "75"]
[EventDate "2025.??.??"]
[WhiteTeam "Marseille Passion Echecs"]
[BlackTeam "Echecs Academy de Marseille"]

1. e4 e5 2. Nf3 Nc6 3. d4 exd4 4. Bc4 Nf6 5. e5 d5 6. Bb5 Ne4 7. Nxd4 Bd7 8.
Bxc6 bxc6 9. O-O Bc5 10. Be3 O-O 11. Nd2 Qe7 12. Re1 Nxd2 13. Qxd2 Qxe5 14.
Nxc6 Bxe3 15. Nxe5 Bxd2 16. Red1 Rfe8 17. Nxd7 Bb4 18. Rxd5 Rad8 19. Rad1 Bd6
20. Ne5 f6 21. Nc4 Re2 22. Ne3 Re8 23. R5d3 Bc5 24. Kf1 Bxe3 25. Kxe2 Bd4+ 26.
Kf3 Bxb2 27. Rd8 Kf8 28. R1d7 Rxd8 29. Rxd8+ Ke7 30. Rh8 h6 31. Ke4 Be5 32. f4
Bd6 33. h4 c5 34. Ra8 Ke6 35. f5+ Kf7 36. Rxa7+ Be7 37. Kd5 h5 38. a4 1-0

[Event "Principal / Accession 2024/2025"]
[Site "Vitrolles"]
[Date "2025.03.22"]
[Round "9.7"]
[White "Hileyan, Michel"]
[Black "Guisset, Andre"]
[Result "1-0"]
[WhiteElo "1856"]
[BlackElo "1665"]
[PlyCount "78"]
[EventDate "2025.??.??"]
[WhiteTeam "Echiquier Marseillais 1872"]
[BlackTeam "Club d'Echecs de Meyreuil"]

1. d4 Nf6 2. Bf4 e6 3. e3 c5 4. c3 Be7 5. Nd2 O-O 6. Bd3 b6 7. Ngf3 Ba6 8. Bxa6
Nxa6 9. Qe2 Nc7 10. h3 d6 11. O-O Qd7 12. a4 Qc6 13. Rfc1 Ne4 14. Nxe4 Qxe4 15.
Nd2 Qb7 16. e4 f5 17. exf5 Rxf5 18. Bg3 Raf8 19. dxc5 Bg5 20. cxd6 Bxd2 21.
Qxd2 Nd5 22. c4 Nf6 23. f3 Qd7 24. b4 Nh5 25. Bh2 Nf4 26. Bxf4 Rxf4 27. c5 bxc5
28. bxc5 Qc6 29. d7 Qc7 30. Ra3 R4f5 31. c6 Rd5 32. Rd3 Rff5 33. Rxd5 Rxd5 34.
Qb2 Kf8 35. Qc2 g6 36. Rd1 Rxd1+ 37. Qxd1 Ke7 38. Qc2 Kd8 39. Qc5 Qf4 1-0

[Event "Principal / Accession 2024/2025"]
[Site "Vitrolles"]
[Date "2025.03.22"]
[Round "9.8"]
[White "Colandrea, Sauveur"]
[Black "Rival, None"]
[Result "0-1"]
[WhiteElo "1720"]
[BlackElo "1764"]
[PlyCount "58"]
[EventDate "2025.??.??"]
[WhiteTeam "Cercle Echiquier Pertuisien"]
[BlackTeam "Echiquier Marseillais 1872"]

1. Nf3 Nf6 2. e3 c5 3. b3 g6 4. Bb2 Bg7 5. c4 O-O 6. Be2 Nc6 7. O-O b6 8. d4
cxd4 9. exd4 d5 10. Nbd2 Bb7 11. Ne5 Nxe5 12. dxe5 Nd7 13. Nf3 dxc4 14. Bxc4
Bxf3 15. Qxf3 Nxe5 16. Bxe5 Bxe5 17. Rad1 Qc7 18. g3 Rad8 19. Rc1 Qd6 20. Rfe1
Qf6 21. Qe4 Rd2 22. Re2 Rxe2 23. Qxe2 Rd8 24. Rc2 Qd6 25. Kg2 Bf6 26. Qf3 Kg7
27. Re2 e6 28. Qb7 Qd7 29. Qe4 b5 0-1

[Event "Principal / Accession 2024/2025"]
[Site "Vitrolles"]
[Date "2025.03.22"]
[Round "9.9"]
[White "Garcia, Patrick"]
[Black "Tramarin, Matteo"]
[Result "0-1"]
[WhiteElo "1672"]
[BlackElo "1805"]
[PlyCount "76"]
[EventDate "2025.??.??"]
[WhiteTeam "Club d'Echecs de Meyreuil"]
[BlackTeam "Cercle d'Echecs Aubagnais"]

1. e4 c5 2. Nc3 Nc6 3. Bb5 g6 4. Bxc6 bxc6 5. d4 Bg7 6. dxc5 Qa5 7. Bd2 Qxc5 8.
Nge2 Ba6 9. O-O Qd6 10. Re1 e5 11. Qc1 h5 12. f4 f6 13. Be3 Qe6 14. fxe5 fxe5
15. Qd2 Ne7 16. Rad1 Rf8 17. Na4 d5 18. Nc5 Qc8 19. Bg5 Bf6 20. Bxf6 Rxf6 21.
Qg5 Kf7 22. Qxe5 Bxe2 23. Rxe2 Qg4 24. exd5 Nxd5 25. c4 Qxc4 26. Nd7 Rf4 27.
Qe6+ Kg7 28. Rde1 Rd8 29. Ne5 Qd4+ 30. Kh1 Rf6 31. Qh3 Nf4 32. Nf3 Qc5 33. Re7+
Kh6 34. Qg3 Nd3 35. R7e5 Nxe5 36. Qg5+ Kg7 37. Nxe5 Qf2 38. Nf3 Qxe1+ 0-1